000 00784nam a22002177a 4500
005 20230327105709.0
008 230113b ag ||||| |||| 00| 0 spa d
020 _a9879120116
050 0 4 _aKHA3015
_bL53 1997
245 0 0 _aLibertad de prensa y derecho penal
_b: anexo documental
_c / prólogo de Julio B:. J. Maier ; autores Eduardo A. Bertoni,...[et al].
250 _a1a ed.
260 _aBuenos Aires :
_bEdirores del Puerto,
_c1997
300 _a406 p. ;
_c22 cm.
650 7 _2lemb
_aLibertad de prensa
_vCongresos y conferencias
650 7 _2lemb
_aDifamación
_vCongresos y conferencias
700 1 _aBertoni, Eduardo A.,
_eautor
700 1 _aBovino, Alberto,
_eautor
700 1 _aGuariglia, Fabricio,
_eautor
700 1 _aGullco, Hernán V.,
_eautor
942 _2lcc
_cLIB
999 _c59933
_d59933